1286 1761 1470 1935 1573 1527 1751 1134 1289 1023 1626 1991 1626 1617 1788 1430 1588 1070 1176 1396 1883 1411 1131 1992 1487 1850 1025 1911 1748 1589 1624 1608 1210 1269 1684 1135 1589 1200 1092 1140 1207 1691 1831 1883 1128 1112 1490 1964 1400 1086 1899 1650 1768 1207 1042 1438 1338 1481 1730 1747 1835 1610 1580 1025 1806 1063 1333 1192 1563 1962 1748 1855 1528 1254 1700 1115 1860 1861 1298 1419 1998 1809 1195 1432 1400 1364 1793 1232 1555 1579 1488 1790 1419 1787 1535 1822 1689 1864 1631 BCNSPRNW ULIB Ver.6.0+V

เปลี่ยนเป็นภาษาไทย

Change to English
 แสดงรายละเอียดบรรณานุกรม
  กลับหน้าหลัก

Brief Record : Get Marc (ISO 2709) : E-mail record : QR code < ปิดหน้าต่าง
LEADER : 00000nam 2200000uu 4500
001    13399125375
003     ULIB
008    170515s2558||||th 000 0 tha d
020    ^a9786167829586
060    ^aWY101 น578ก
100    ^aนิตยา สมบัติแก้ว และเดือนทิพย์ เขษมโอภาส
245    ^aการพยาบาลพื้นฐาน : หลักการและแนวคิด
250    ^aพิมพ์ครั้งที่ 1
260    ^aกรุงเทพฯ :^bภาควิชาการพยาบาลพื้นฐานและบริหารการพยาบาล วิทยาลัยพยาบาลสภากาชาดไทย,^c2558
300    ^a256 หน้า^bภาพประกอบ
650    ^aการพยาบาลขั้นพื้นฐาน^xหลักการและแนวคิด
945    ^p0^l0^i002120
945    ^p0^l0^i002121
945    ^p0^l0^i002122
945    ^p0^l0^i002123
945    ^p0^l0^i002124
945    ^p0^l0^i002125
945    ^p0^l0^i002126
945    ^p0^l0^i002127
999    ^aวรรณษา ชูชัยมงคล
รายการนี้ยังไม่มีแท็ก
คุณยังไม่ได้ล็อกอิน คุณสามารถมีกิจกรรมร่วมกับเว็บไซต์ได้ แต่ต้องล็อกอินก่อน ::
  ล็อกอิน

รายการสื่อสารสนเทศ

ลำดับที่ ประเภท เลขเรียก/บาร์โค้ด สถานที่ สถานะ
1. Book การพยาบาล
Book การพยาบาล
สถานะ=หนังสือเก่า
WY101 น578ก ฉ.1 
  Barcode: 002120
ห้องสมุดวิทยาเขตสวรรค์ประชารักษ์
►ส่วนจัดเก็บหนังสือเก่า สปร
บนชั้น
  ขอยืม
2. Book การพยาบาล
Book การพยาบาล
สถานะ=หนังสือเก่า
WY101 น578ก ฉ.2 
  Barcode: 002121
ห้องสมุดวิทยาเขตสวรรค์ประชารักษ์
►ส่วนจัดเก็บหนังสือเก่า สปร
บนชั้น
  ขอยืม
3. Book การพยาบาล
Book การพยาบาล
สถานะ=หนังสือเก่า
WY101 น578ก ฉ.3 
  Barcode: 002122
ห้องสมุดวิทยาเขตสวรรค์ประชารักษ์
►ส่วนจัดเก็บหนังสือเก่า สปร
บนชั้น
  ขอยืม
4. Book การพยาบาล
Book การพยาบาล
WY101 น578ก ฉ.4 
  Barcode: 002123
ห้องสมุดวิทยาเขตสวรรค์ประชารักษ์
►หนังสือทั่วไป
ถูกยืม กำหนดส่งวันที่ 12 กรกฎาคม 2567
  จอง
5. Book การพยาบาล
Book การพยาบาล
สถานะ=หนังสือเก่า
WY101 น578ก ฉ.5 
  Barcode: 002124
ห้องสมุดวิทยาเขตสวรรค์ประชารักษ์
►ส่วนจัดเก็บหนังสือเก่า สปร
บนชั้น
  ขอยืม
6. Book การพยาบาล
Book การพยาบาล
สถานะ=หนังสือเก่า
WY101 น578ก ฉ.6 
  Barcode: 002125
ห้องสมุดวิทยาเขตสวรรค์ประชารักษ์
►ส่วนจัดเก็บหนังสือเก่า สปร
บนชั้น
  ขอยืม
7. Book การพยาบาล
Book การพยาบาล
สถานะ=หนังสือเก่า
WY101 น578ก ฉ.7 
  Barcode: 002126
ห้องสมุดวิทยาเขตสวรรค์ประชารักษ์
►ส่วนจัดเก็บหนังสือเก่า สปร
บนชั้น
  ขอยืม
8. Book การพยาบาล
Book การพยาบาล
สถานะ=หนังสือเก่า
WY101 น578ก ฉ.8 
  Barcode: 002127
ห้องสมุดวิทยาเขตสวรรค์ประชารักษ์
►ส่วนจัดเก็บหนังสือเก่า สปร
บนชั้น
  ขอยืม

รายการใกล้เคียง
    ชื่อเรื่อง [การพยาบาลพื้นฐาน : หลักการและแนวคิด]

BibComment


ยังไม่เคยถูกคอมเมนท์

คอมเมนท์ทรัพยากรรายการนี้
  คอมเมนท์: การพยาบาลพื้นฐาน..


 Copyright 2026. Bcnsprnw @Library